000 00575nam a22001817a 4500
999 _c10059
_d10059
003 GBCCL
005 20241126110724.0
008 240219b ||||| |||| 00| 0 eng d
040 _cgbc
082 _a220.9505
_bSTO
100 _aStonecipher, Judy
_917463
245 _aBecause God said so :
_bthe times of captivity and return /
_cby Judy Stonecipher ; illustrated by Karen Gillis
260 _aDenver , Colorado :
_bAccent publications ,
_c1982
300 _a92p. ;
650 _aBible
_vOld Testament
_xhistory
_97228
651 _aBible stories
_917464
942 _2ddc
_cBK